Criminology / (Record no. 5862)

MARC details
000 -LEADER
fixed length control field 00549nam a22002057a 4500
008 - FIXED-LENGTH DATA ELEMENTS--GENERAL INFORMATION
fixed length control field 140607b xxu||||| |||| 00| 0 eng d
020 ## - INTERNATIONAL STANDARD BOOK NUMBER
International Standard Book Number 9-7801-9927-0361
050 ## - LIBRARY OF CONGRESS CALL NUMBER
Classification number 22 ed
082 ## - DEWEY DECIMAL CLASSIFICATION NUMBER
Edition number 346
Classification number CRI
100 ## - MAIN ENTRY--PERSONAL NAME
Personal name Hale, Chris
245 ## - TITLE STATEMENT
Title Criminology /
Statement of responsibility, etc Edited by Chris Hale ... [et. al]
260 ## - PUBLICATION, DISTRIBUTION, ETC. (IMPRINT)
Place of publication, distribution, etc USA :
Name of publisher, distributor, etc Oxford university press
Date of publication, distribution, etc 2005
300 ## - PHYSICAL DESCRIPTION
Extent xxxv, 594 P. ;
Dimensions 23 cm.
500 ## - GENERAL NOTE
General note Includes index
650 ## - SUBJECT ADDED ENTRY--TOPICAL TERM
Topical term or geographic name as entry element Criminology
700 ## - ADDED ENTRY--PERSONAL NAME
Personal name Hayward, Keith
700 ## - ADDED ENTRY--PERSONAL NAME
Personal name Wahidin, Azrini
700 ## - ADDED ENTRY--PERSONAL NAME
Personal name Wincup, Emma
942 ## - ADDED ENTRY ELEMENTS (KOHA)
Source of classification or shelving scheme Dewey Decimal Classification
Item type Books
Holdings
Withdrawn status Lost status Source of classification or shelving scheme Damaged status Not for loan Home library Current library Shelving location Date acquired Total Checkouts Full call number Barcode Date last seen Copy number Price effective from Koha item type Public note
    Dewey Decimal Classification     Law Development Centre Main Library Law Development Centre Main Library Text Books and Laws 06/07/2014   CRI 7216/2014 06/07/2014 1 06/07/2014 Books reserve